La crisis no moderna de la universidad moderna: epílogo del conflicto de las Facultades

Gardado en:
Detalles Bibliográficos
Autor Principal: Thayer, Willy (Author)
Formato: Libro
Idioma:Lingua castelá
Publicado: Santiago Cuarto Propio 1996
Series:Serie Debates
Subjects:
Tags: Engadir etiqueta
Sen Etiquetas, Sexa o primeiro en etiquetar este rexistro!

MARC

LEADER 00000nam a2200000 a 4500
001 UCP9533
003 CL-VaPUC
008 000331e19960000CL |||||||||||||||||spa|d
082 0 4 |a 378  |b THA  |2 21 
100 0 |a Thayer, Willy  |e author  |9 440159 
245 1 3 |a La crisis no moderna de la universidad moderna: epílogo del conflicto de las Facultades 
300 |a 239 p 
942 |c BK 
945 |d 20000331 00:00:00  |a rbrito 
260 |a Santiago  |b Cuarto Propio  |c 1996 
650 0 |a Educación superior   |9 223851 
583 |a last modification  |c 20000331 00:00:00  |k Rodrigo Vera 
490 0 |a Serie Debates 
999 |c 286342  |d 286340 
952 |0 0  |1 0  |4 0  |6 378_000000000000000_THA_1996  |7 0  |8 A  |9 332119  |a BIBHIS  |b BIBHIS  |d 2019-11-20  |i 3571084  |o 378 THA 1996  |p 3571084  |r 2025-01-20  |w 2019-11-20  |y BK  |k HIS 
952 |0 0  |1 0  |4 0  |6 378_000000000000000_THA_1996  |7 0  |8 A  |9 332120  |a BIBEDU  |b BIBEDU  |d 2019-11-20  |i 3571092  |o 378 THA 1996  |p 3571092  |r 2019-11-20  |w 2019-11-20  |y BK  |k EDU 
952 |0 0  |1 0  |4 0  |6 378_000000000000000_THA_1996  |7 0  |8 A  |9 332121  |a BIBEDU  |b BIBEDU  |d 2019-11-20  |i 1179357  |o 378 THA 1996  |p 1179357  |r 2023-01-12  |w 2019-11-20  |y BK  |k MUS